Michael Jackson Songs by Synonyms - Statistics

General Stats
  • This quiz has been taken 276 times
  • The average score is 16 of 20
Answer Stats
Hint Answer % Correct
Awful Bad
97%
Hit It Beat It
97%
Guy in the Glass Man in the Mirror
91%
Suave Lawbreaker Smooth Criminal
90%
Yell Scream
88%
B.Y.E (Beautiful Youthful Entity) P.Y.T (Pretty Young Thing)
87%
They are Unconcerned Regarding Us They Don't Care About Us
85%
Ebony or Ivory Black or White
84%
Cure the Planet Heal the World
84%
Shocker Thriller
83%
That Female Is My Own The Girl Is Mine
81%
Continue Until You Have Sufficiency Don’t Stop ‘Til You Get Enough
80%
Groove Alongside You Rock With You
79%
Recall that Moment Remember the Time
78%
You Aren't Unaccompanied You Are Not Alone
78%
You Startle My Planet You Rock My World
77%
Globe Tune Earth Song
75%
Willie Pants Billie Jean
74%
Homo Sapiens Character Human Nature
67%
How You Cause Me to Perceive The Way You Make Me Feel
66%
No matching quizzes found
Score Distribution
Percent of People with Each Score
Percentile by Number Answered
Your Score History
You have not taken this quiz